000 006060000a22001810004500
003 MACL
005 20160505170658.0
008 160505b xxu||||| |||| 00| 0 eng d
040 _aMACL
_cMACL
041 _aHindi
082 _a800 YAS
100 _aसिंह, कुंवरपाल
_954271
245 _aयशपाल : पुनर्मूल्‍यांकन
_cकुंवरपाल सिंह
260 _bशिल्‍पायन प्रकाशन
_c2004
_aनई दिल्‍ली
350 _a600
650 _aLiterature
_955376
942 _cHIN
_k800/YAS/L
_2ddc
999 _c10547
_d10547